Detalles MARC
| 000 -LEADER |
| fixed length control field |
00962nam a2200349 4500 |
| 001 - CONTROL NUMBER |
| control field |
165974 |
| 003 - CONTROL NUMBER IDENTIFIER |
| control field |
DO-SdBNP |
| 005 - DATE AND TIME OF LATEST TRANSACTION |
| control field |
20161019125602.0 |
| 007 - PHYSICAL DESCRIPTION FIXED FIELD--GENERAL INFORMATION |
| fixed length control field |
165974 |
| 008 - FIXED-LENGTH DATA ELEMENTS--GENERAL INFORMATION |
| fixed length control field |
851001s1984 sp a 000 spa |
| 016 7# - NATIONAL BIBLIOGRAPHIC AGENCY CONTROL NUMBER |
| Record control number |
|
| Canceled/invalid record control number |
|
| Source |
BPMSU |
| 017 ## - COPYRIGHT OR LEGAL DEPOSIT NUMBER |
| Assigning agency |
|
| 020 ## - INTERNATIONAL STANDARD BOOK NUMBER |
| International Standard Book Number |
8434813378 |
| 035 ## - SYSTEM CONTROL NUMBER |
| System control number |
|
| 040 ## - CATALOGING SOURCE |
| Original cataloging agency |
BPMSU |
| Language of cataloging |
spa |
| Transcribing agency |
BPMSU |
| Description conventions |
|
| 041 1# - LANGUAGE CODE |
| Language code of text/sound track or separate title |
spa |
| Language code of original |
|
| 080 #0 - UNIVERSAL DECIMAL CLASSIFICATION NUMBER |
| Universal Decimal Classification number |
|
| 082 ## - DEWEY DECIMAL CLASSIFICATION NUMBER |
| Classification number |
833.91 |
| Item number |
L797n |
| 100 1# - MAIN ENTRY--PERSONAL NAME |
| Personal name |
Lobe, Mira |
| Dates associated with a name |
1913- |
| 240 10 - UNIFORM TITLE |
| Uniform title |
<a href="Moritz Huna Nasenriecher">Moritz Huna Nasenriecher</a> |
| Language of a work |
español |
| 245 13 - TITLE STATEMENT |
| Title |
La nariz de Moritz / |
| Statement of responsibility, etc. |
Mira Lobe ; traducción Manuel Olasagasti |
| Medium |
|
| 260 ## - PUBLICATION, DISTRIBUTION, ETC. (IMPRINT) |
| Place of publication, distribution, etc. |
Madrid : |
| Name of publisher, distributor, etc. |
S.M, |
| Date of publication, distribution, etc. |
1984 |
| 300 ## - PHYSICAL DESCRIPTION |
| Extent |
180 p.: |
| Other physical details |
il. ; |
| Dimensions |
21 cm |
| 490 0# - SERIES STATEMENT |
| Series statement |
El Barco de vapor |
| Volume/sequential designation |
70 |
| 500 ## - GENERAL NOTE |
| General note |
Para niños a partir de 9 años |
| 650 ## - SUBJECT ADDED ENTRY--TOPICAL TERM |
| Topical term or geographic name as entry element |
CUENTOS INFANTILES ALEMANES |
| 700 ## - ADDED ENTRY--PERSONAL NAME |
| Personal name |
Olasagasti, Manuel |
| Relator term |
tr. |
| 700 ## - ADDED ENTRY--PERSONAL NAME |
| Personal name |
Telle, Antonio |
| Relator term |
il. |
| 830 ## - SERIES ADDED ENTRY--UNIFORM TITLE |
| Uniform title |
El Barco de vapor |
| Volume number/sequential designation |
70 |
| 942 ## - ADDED ENTRY ELEMENTS (KOHA) |
| Source of classification or shelving scheme |
Dewey Decimal Classification |
| Koha item type |
Libros |
| 956 ## - LOCAL ELECTRONIC LOCATION AND ACCESS (OCLC) |
| Host name |
VMATEO |
| Access method |
10 |
| Materials specified |
20160408 |
| Linkage |
BPMSU |
| Field link and sequence number |
0069 |